Operation birdwatch : (Record no. 114480)
[ view plain ]
| 000 -LEADER | |
|---|---|
| fixed length control field | 00582nam a2200181 a 4500 |
| 005 - DATE AND TIME OF LATEST TRANSACTION | |
| control field | 20140414132102.0 |
| 008 - FIXED-LENGTH DATA ELEMENTS--GENERAL INFORMATION | |
| fixed length control field | 100702s19uu xx 00 eng d |
| 020 ## - INTERNATIONAL STANDARD BOOK NUMBER | |
| International Standard Book Number | 1-86371-106-6 |
| 050 ## - LIBRARY OF CONGRESS CALL NUMBER | |
| Classification number | M 598.07 |
| Item number | L94 1992 |
| 100 ## - MAIN ENTRY--PERSONAL NAME | |
| Personal name | Loves, June |
| 245 ## - TITLE STATEMENT | |
| Title | Operation birdwatch : |
| Remainder of title | How to observe and keep records of birds. |
| 260 ## - PUBLICATION, DISTRIBUTION, ETC. (IMPRINT) | |
| Place of publication, distribution, etc | Australia : |
| Name of publisher, distributor, etc | Collins Dove, |
| Date of publication, distribution, etc | 1992. |
| 440 ## - SERIES STATEMENT/ADDED ENTRY--TITLE | |
| Title | Social themes and language K-&. Strand 4. Environment |
| 500 ## - GENERAL NOTE | |
| General note | Includes index. |
| 650 ## - SUBJECT ADDED ENTRY--TOPICAL TERM | |
| Topical term or geographic name as entry element | Bird watching |
| General subdivision | Juvenile literature. |
| 650 ## - SUBJECT ADDED ENTRY--TOPICAL TERM | |
| Topical term or geographic name as entry element | Birds |
| General subdivision | Juvenile literature |
| Withdrawn status | Lost status | Damaged status | Home library | Current library | Shelving location | Date acquired | Source of acquisition | Total Checkouts | Full call number | Barcode | Date last seen | Price effective from | Koha item type |
|---|---|---|---|---|---|---|---|---|---|---|---|---|---|
| Munich Library | Munich Library | Main Section | 07/02/2010 | M 598.07 L94 1992 | M6322 | 04/14/2014 | 04/14/2014 | Books |